| 000 | 00575nam a2200229 a 4500 | ||
|---|---|---|---|
| 001 | nice12345678 | ||
| 003 | IN_TiNIC | ||
| 005 | 20260116015309.0 | ||
| 008 | 070530s1986 wina grp 000 0 eng | ||
| 020 |
_a0919797504 _c200 |
||
| 082 | 0 | 0 |
_a303.66 _bTOE |
| 100 | _aToews, John E | ||
| 245 | _aPower of the Lamb | ||
| 260 |
_aWinnipeg, Canada _bKindred Press _c1986 |
||
| 300 | _a183p | ||
| 500 | _aincludes index and biblioraphy | ||
| 505 | 2 | _aappendix | |
| 650 | _aPeace-Religious Aspect-Christianity | ||
| 902 | _bSRS | ||
| 942 | _cBK | ||
| 999 |
_c19121 _d19121 |
||